000 00403 a2200157 4500
005 20250627075048.0
020 _a0-07-252351-4
082 _a657.046 HOY
100 _aHOYLE, J . B
245 _aAdvanced Accounting,
250 _a7th Ed.
260 _aNew York,
_bMcGraw-Hill Irwin,
_c2004.
300 _axxii.; 901p,
_bIndex,
_c28cm.
700 _aSCHAEFER, T . F & DOUPNIK, T . S.
942 _2ddc
_cBKS
999 _c5532
_d5532